000 00317nam a22001337a 4500
008 170616b xxu||||| |||| 00| 0 eng d
020 _a9780966879506
041 _aeng
080 _a32
100 _a20
101 _aSHP
245 _aCITIZEN OPOWER STORIES AMERICANS NEW CIRIC
_cEPSTEIN.E
942 _2udc
_cBK
999 _c17971
_d17971